|
|
|
|
| LEADER |
00000nam0a2200000 4500 |
| 001 |
45308 |
| 005 |
20231031023844.0 |
| 010 |
|
|
|a 5850505881
|
| 035 |
|
|
|a (RuTPU)RU\TPU\book\47096
|
| 090 |
|
|
|a 45308
|
| 100 |
|
|
|a 20021209d2001 dе y0rusy50020304ca
|
| 101 |
0 |
|
|a rus
|
| 102 |
|
|
|a RU
|
| 105 |
|
|
|a a z 000zy
|
| 200 |
1 |
|
|a Возрождение
|f Н. В. Ермильченко
|
| 210 |
|
|
|a Москва
|c Слово
|d 2001
|
| 215 |
|
|
|a 48 с.
|c ил.
|
| 225 |
1 |
|
|a Что есть что в искусстве
|
| 610 |
1 |
|
|a искусство
|
| 610 |
1 |
|
|a стили
|
| 610 |
1 |
|
|a история
|
| 610 |
1 |
|
|a Возрождение
|
| 675 |
|
|
|a 7.034
|v 3
|
| 700 |
|
1 |
|a Ермильченко
|b Н. В.
|g Наталия Валентиновна
|
| 801 |
|
1 |
|a RU
|b 63413507
|c 20021209
|g PSBO
|
| 801 |
|
2 |
|a RU
|b 63413507
|c 20150213
|g PSBO
|
| 942 |
|
|
|c BK
|